Flagi państw na ich kształcie - Statystyki

Ogólne statystyki
  • Ten quiz został rozwiązany 20 razy
  • Średni wynik to 13 z 15
Statystyki odpowiedzi
Obrazkowy Odpowiedź % Poprawnych
Brazylia
95%
Egipt
95%
Indie
95%
Włochy
95%
Arabia Saudyjska
89%
Chorwacja
89%
Grecja
89%
Iran
89%
Meksyk
89%
Nowa Zelandia
89%
Urugwaj
89%
Panama
84%
Brunei
63%
Mauretania
63%
Liberia
58%
Nie znaleziono quizów pasujących do podanych kryteriów
Rozkład punktacji
Procent ludzi z każdym wynikiem
Percentyl według liczby udzielonych odpowiedzi
Twoja historia wyników
Nie rozwiązałeś tego quizu